Adaptabilidad y cohesión familiar del alumnado de Educación Secundaria Obligatoria (Record no. 197613)

MARC details
000 -CABECERA
campo de control de longitud fija 02259nab a2200289 a 4500
005 - FECHA Y HORA DE LA ÚLTIMA TRANSACCIÓN
campo de control 20240830063820.0
008 - ELEMENTOS DE LONGITUD FIJA--INFORMACIÓN GENERAL
campo de control de longitud fija 991125c2018 sp qr p o 000 0 spa d
035 ## - NÚMERO DE CONTROL DEL SISTEMA
Número de control de sistema UPN01000225517
040 ## - FUENTE DE LA CATALOGACIÓN
Centro catalogador/agencia de origen UPN
Lengua de catalogación spa
Centro/agencia transcriptor UPN
Normas de descripción aacr2
049 ## - COLECCIÓN
Colección ART-E
100 1# - ASIENTO PRINCIPAL--NOMBRE PERSONAL
Nombre de persona Urbano Contreras, Antonio
Enlace - urbanoantoniouniovi.es
100 1# - ASIENTO PRINCIPAL--NOMBRE PERSONAL
Nombre de persona Álvarez Blanco, Lucía
100 1# - ASIENTO PRINCIPAL--NOMBRE PERSONAL
Nombre de persona Iglesias García, María Teresa
245 10 - MENCIÓN DE TÍTULO
Título Adaptabilidad y cohesión familiar del alumnado de Educación Secundaria Obligatoria
Medio [recurso electrónico en línea]
506 0# - NOTA DE RESTRICCIONES AL ACCESO
Limitaciones de acceso Acceso abierto
520 3# - NOTA DE RESUMEN, ETC.
Sumario, etc. En base a la influencia que el contexto familiar ejerce en el desarrollo personal y en el ámbito escolar, este trabajo busca analizar la percepción que tiene el alumnado de Educación Secundaria Obligatoria (ESO) sobre la adaptabilidad y la cohesión familiar, incluyendo para ello variables sociodemográficas tanto familiares como escolares. Se ha contado con 296 estudiantes (51% chicos y 49% chicas), con una edad media de 14,06 años y pertenecientes a los cuatro cursos de esta etapa educativa. El instrumento utilizado para la recogida de información ha sido el FACES II y presentó una buena fiabilidad (α=0,92). Los resultados muestran valores generales positivos en adaptabilidad y cohesión familiar, aunque con necesidades de mejora en aspectos como la disciplina y la participación de los hijos y con matices destacables al considerar las diferencias sociodemográficas (especialmente cuestiones como el curso, haber sido repetidor o la diversidad familiar). Estos resultados permiten identificar áreas prioritarias de intervención y mejora en favor del bienestar del alumnado, así como planificar actuaciones encaminadas a la prevención que repercutan positivamente a nivel personal, familiar y escolar.
650 #7 - ASIENTO SECUNDARIO DE MATERIA - TERMINO TEMATICO
Término de materia o nombre geográfico como elemento de entrada Educación secundaria
Fuente del encabezamiento o término
9 (RLIN) 4281
650 #2 - ASIENTO SECUNDARIO DE MATERIA - TERMINO TEMATICO
Término de materia o nombre geográfico como elemento de entrada Adaptación (Psicología)
9 (RLIN) 404
653 0# - TERMINO DE INDIZACION - NO CONTROLADO
Término no controlado Contexto familiar
653 0# - TERMINO DE INDIZACION - NO CONTROLADO
Término no controlado Cohesión
653 0# - TERMINO DE INDIZACION - NO CONTROLADO
Término no controlado Análisis de necesidades
773 ## - ENLACE AL DOCUMENTO FUENTE/ENTRADA DE REGISTRO ANFITRIÓN
Parte(s) relacionada(s) Vol. 47, no. 2 (2018), p. 237-244
Título Aula abierta (España)
Número Internacional Normalizado para Publicaciones Seriadas 0210-2773
856 4# - LOCALIZACIÓN Y ACCESO ELECTRÓNICOS
Identificador Uniforme del Recurso <a href="https://reunido.uniovi.es/index.php/AA/article/view/12729">https://reunido.uniovi.es/index.php/AA/article/view/12729</a>
856 4# - LOCALIZACIÓN Y ACCESO ELECTRÓNICOS
Identificador Uniforme del Recurso <a href="https://doi.org/10.17811/rifie.47.2.2018.237-244">https://doi.org/10.17811/rifie.47.2.2018.237-244</a>
905 ## - TIPO DE MATERIAL
Tipo de material Articulo
942 ## - ELEMENTOS DE PUNTO DE ACCESO ADICIONAL (KOHA)
Tipo de ítem Koha Artículo Electrónico
Holdings
Estado de retiro Estado de pérdida Estado dañado No para préstamo Código de colección Localización permanente Ubicación/localización actual Ubicación en estantería Fecha de adquisición Total de préstamos Fecha visto por última vez Identificador Uniforme del Recurso Precio válido a partir de Tipo de ítem Koha
        Acceso abierto Bib. Gregorio Torres Quintero Bib. Gregorio Torres Quintero En línea 08/12/2023   08/12/2023 https://doi.org/10.17811/rifie.47.2.2018.237-244 08/12/2023 Artículo Electrónico